Tuya /

Պահպանված է:
Մատենագիտական մանրամասներ
Հիմնական հեղինակ: Piñeiro, Claudia (autor)
Ձևաչափ: Գիրք
Լեզու:իսպաներեն
Հրապարակվել է: México : Alfaguara, 2012, c2005
Խորագրեր:
Ցուցիչներ: Ավելացրեք ցուցիչ
Չկան պիտակներ, Եղեք առաջինը, ով նշում է այս գրառումը!

MARC

LEADER 00000nam^a2200000^a^4500
001 000333220
005 20250521000000.0
009 20260310114124.229
020 |a 978-607-11-2349-7 
037 |a Acervo ITESO - Biblioteca 
041 |a ESP 
082 |a 863.  |b PIÑ TUY V. 1 
100 |a Piñeiro, Claudia  |e (autor) 
240 1 1 |a [Tuya, de Claudia Piñeiro] 
245 1 0 |a Tuya /  |c C. Piñeiro. 
264 4 |a México :  |b Alfaguara,  |c 2012, c2005 
300 |a 165 p. 
336 |a texto  |b txt  |2 rdacontenido 
337 |a sin mediación  |b n  |2 rdamedio 
338 |a volumen  |b nc  |2 rdasoporte 
545 0 |a Claudia Piñeiro (Buenos Aires, 1960), escritora argentina. Una de las voces más apreciadas, tanto por la crítica como por los lectores, de la literatura argentina de inicios del siglo XXI, es autora de una narrativa regida por interrogantes éticas, a la vez que renovadora de géneros como la novela policíaca. Formada como contadora, inicia su trayectoria literaria con la novela inédita El secreto de las rubias, finalista del Premio de literatura erótica La Sonrisa Vertical (1991), y publica una década después sus primeros libros, dirigidos a lectores niños y adolescentes: Serafín, el escritor y la bruja (2000) y Un ladrón entre nosotros (2004, Premio Latinoamericano de Literatura Infantil y Juvenil 2005). Las viudas de los jueves (2005, Premio Clarín de Novela) –llevada al cine por Marcelo Piñeyro en una popular película (2009)-, la muy elogiada Elena sabe (2006), Las grietas de Jara (2009, Premio Sor Juana Inés de la Cruz 2010) y la autobiográfica Un comunista en calzoncillos (2013) han situado su posición en la novelística de lengua española. Cuánto vale una heladera (2004) y Un mismo árbol verde (2006, Premio de la Asociación de Cronistas del Espectáculo 2007) figuran entre las obras teatrales de Piñeiro, quien es colaboradora del Suplemento Literario Télam, de la agencia de noticias del mismo nombre. 
649 |a XX 
650 |a Novela Argentina 
650 |a Literatura Argentina -  |y Siglo XXI 
650 |a Literatura Policíaca y de Misterio -  |z Argentina 
650 |a Literatura de Mujeres -  |z Argentina 
910 |a Fondo General 
920 |a Impresos - Libros 
930 |a Colección General 
940 |a Literatura 
905 |a 101 
901 |a 0500223044  |b IT1  |c LIT  |i C137645  |u 20250521 
902 |a https://opac.biblio.iteso.mx/vufind/Record/000333220